MARC details
| 000 -CABECERA |
| campo de control de longitud fija |
03131nam a2200361 a 4500 |
| 001 - NÚMERO DE CONTROL |
| campo de control |
BRCA_2426 |
| 005 - FECHA Y HORA DE LA ÚLTIMA TRANSACCIÓN |
| campo de control |
20190320203813.0 |
| 008 - DATOS DE LONGITUD FIJA--INFORMACIÓN GENERAL |
| campo de control de longitud fija |
131108s1780----sp-a---###---#000-0dspa-u |
| 041 ## - CÓDIGO DE LENGUA |
| Código de lengua del texto/banda sonora o título independiente |
spa |
| 044 ## - CÓDIGO DEL PAÍS DE LA ENTIDAD EDITORA/PRODUCTORA |
| Código MARC del país |
sp |
| 084 ## - OTRO NÚMERO DE CLASIFICACIÓN |
| Número de clasificación |
066 |
| Número de documento/Ítem |
.I23 |
| -- |
1780 |
| 100 1# - ENTRADA PRINCIPAL--NOMBRE DE PERSONA |
| Nombre de persona |
Cervantes Saavedra, Miguel de |
| Fechas asociadas al nombre |
1547-1616 |
| 9 (RLIN) |
213 |
| 245 10 - MENCIÓN DE TÍTULO |
| Título |
El Ingenioso Hidalgo Don Quixote de la Mancha |
| Mención de responsabilidad, etc. |
compuesto por Miguel de Cervantes Saavedra. |
| 260 ## - PUBLICACIÓN, DISTRIBUCIÓN, ETC. |
| Lugar de publicación, distribución, etc. |
Madrid |
| Nombre del editor, distribuidor, etc. |
Joaquín Ibarra |
| Fecha de publicación, distribución, etc. |
1780 |
| 300 ## - DESCRIPCIÓN FÍSICA |
| Extensión |
4 v. |
| Otras características físicas |
il. |
| Dimensiones |
31 cm. |
| Material acompañante/anejo |
1 mapa |
| 500 ## - NOTA GENERAL |
| Nota general |
Contenido : v 1. Primera parte. Licencia de S.M. Prólogo de la Academia. Retrato de Cervantes dibujado por Joseph del Castillo. Vida de Cervantes y análisis del Quixote. Su plan cronológico y pruebas que justifican su vida por V. de los Ríos. Dedicatoria del autor al Duque de Béjar. Prólogo del autor. Versos preliminares. Variantes. Mapa de una porción del Reyno de España por donde anduvo D. Quixote por Tomás López. -- v 2. Variantes. Texto. -- v 3. Segunda parte. Preliminares de la edición príncipe. Dedicatoria del autor. Prólogo del autor. Variantes. Texto. -- v 4. Variantes. Texto |
| 500 ## - NOTA GENERAL |
| Nota general |
Edición : Nueva edición corregida por la Real Academia Española |
| 500 ## - NOTA GENERAL |
| Nota general |
Primera edición de la Academia Española y primera de lujo impresa en España, con prólogo de ésta, vida de Cervantes y Análisis del Quixote por Vicente de los Ríos, mapa de una porción del Reyno de España, que comprende los parages por donde anduvo Don Quixote, delineado por Tomás López, retrato apócrifo de Cervantes sacado del cuadro al óleo que regaló el Conde de del Aguila a la Academia. Va ilustrada por los mejores dibujantes de la época: Del Castillo, Carnicero, Ximeno y otros, y por vez primera puesta en el ambiente auténticamente español. Restablece, además, el título original de El Ingenioso Hidalgo..., en vez del arbitrario de Vida y Hechos del Ing. Hidalgo... Sin embargo, adolece de serios defectos: Confunde la segunda edición de Cuesta con la primera, suprime el escudo de esta última, iguala el título de la segunda parte: El Ingenioso Cavallero... con el de la primera: El Ing. Hidalgo.., y usa la x en vez de j en la palabra Quijote. Bellísima edición, impresa en excelente papel y con nobilísimos tipos; encuadernada en becerrillo, planos orlados, lomeras decoradas, cortes, cantos y contracantos dorados Lúdovik Osterc |
| 500 ## - NOTA GENERAL |
| Nota general |
Con ex-libris de : William Dickinson |
| 500 ## - NOTA GENERAL |
| Nota general |
QM54 |
| 650 14 - PUNTO DE ACCESO ADICIONAL DE MATERIA--TÉRMINO DE MATERIA |
| Término de materia o nombre geográfico como elemento de entrada |
Novela española |
| Subdivisión cronológica |
Época clásica, 1500-1700 |
| 9 (RLIN) |
215 |
| 650 14 - PUNTO DE ACCESO ADICIONAL DE MATERIA--TÉRMINO DE MATERIA |
| Término de materia o nombre geográfico como elemento de entrada |
Literatura española |
| Subdivisión cronológica |
Época clásica, 1500-1700 |
| 9 (RLIN) |
216 |
| 650 14 - PUNTO DE ACCESO ADICIONAL DE MATERIA--TÉRMINO DE MATERIA |
| Término de materia o nombre geográfico como elemento de entrada |
Novela española |
| Subdivisión cronológica |
Siglo XVII |
| 9 (RLIN) |
217 |
| 650 14 - PUNTO DE ACCESO ADICIONAL DE MATERIA--TÉRMINO DE MATERIA |
| Término de materia o nombre geográfico como elemento de entrada |
Don Quijote (Personaje ficticio) |
| Término indicativo de función/relación |
Novela |
| 9 (RLIN) |
218 |
| 700 1# - PUNTO DE ACCESO ADICIONAL--NOMBRE DE PERSONA |
| Nombre de persona |
Carnicero Mancio, Antonio |
| Fechas asociadas al nombre |
1748-1814 |
| Término indicativo de función/relación |
Ilustrador |
| 9 (RLIN) |
7108 |
| 700 1# - PUNTO DE ACCESO ADICIONAL--NOMBRE DE PERSONA |
| Nombre de persona |
Castillo, José del |
| Fechas asociadas al nombre |
1737-1793 |
| Término indicativo de función/relación |
Ilustrador |
| 9 (RLIN) |
7109 |
| 700 1# - PUNTO DE ACCESO ADICIONAL--NOMBRE DE PERSONA |
| Nombre de persona |
Jimeno, José Antonio |
| Fechas asociadas al nombre |
1757-1807 |
| Término indicativo de función/relación |
Ilustrador |
| 9 (RLIN) |
7110 |
| 700 1# - PUNTO DE ACCESO ADICIONAL--NOMBRE DE PERSONA |
| Nombre de persona |
Ríos, Vicente de los |
| Fechas asociadas al nombre |
1732-1779 |
| Término indicativo de función/relación |
Biógrafo |
| 9 (RLIN) |
7111 |
| 700 1# - PUNTO DE ACCESO ADICIONAL--NOMBRE DE PERSONA |
| Nombre de persona |
López, Tomás |
| Fechas asociadas al nombre |
1730-1802 |
| Término indicativo de función/relación |
Ilustrador |
| 9 (RLIN) |
7112 |
| 740 0# - PUNTO DE ACCESO ADICIONAL--TÍTULO RELACIONADO O ANALÍTICO NO CONTROLADO |
| Título relacionado o analítico no controlado |
El Ingenioso Hidalgo Don Quijote de la Mancha |
| 902 ## - CATALOGADOR |
| Iniciales |
QFM |
| 942 ## - ELEMENTOS DE PUNTO DE ACCESO ADICIONAL (KOHA) |
| Fuente del sistema de clasificación o colocación |
Library of Congress Classification |
| Tipo de ítem Koha |
Libros |